LIBRARY & INFORMATION CENTRE, KCAET, TAVANUR

ONLINE PUBLIC ACCESS CATALOGUE (OPAC)

TI-59 manual for estimating centrifugal compressor performance: Process compressed technology, Vol 2 / (Record no. 5542)

MARC details
000 -LEADER
fixed length control field 00506cam a2200169ua 4500
020 ## - INTERNATIONAL STANDARD BOOK NUMBER
ISBN 0-87201-100-3
041 ## - LANGUAGE CODE
Language code of text/sound track or separate title eng
082 ## - DEWEY DECIMAL CLASSIFICATION NUMBER
Classification number 028.7262151
Item number LAP/TI
100 ## - MAIN ENTRY--AUTHOR NAME
Personal name Lapina, Ronald P .
245 ## - TITLE STATEMENT
Title TI-59 manual for estimating centrifugal compressor performance: Process compressed technology, Vol 2 /
250 ## - EDITION STATEMENT
Edition statement 1 /
260 ## - PUBLICATION, DISTRIBUTION, ETC. (IMPRINT)
Place of publication London :
Name of publisher Gulf Publishing Company ,
Year of publication 1983.
300 ## - PHYSICAL DESCRIPTION
Number of Pages 333 ; .
942 ## - ADDED ENTRY ELEMENTS (KOHA)
Koha item type Books
Holdings
Withdrawn status Lost status Damaged status Home library Current library Date acquired Full call number Accession Number Koha item type
      KAUAET KAUAET 07/04/2012 028.7262151 20363 Reference
free website counter